000 00837nam a2200241Ia 4500
003 OSt
005 20220923224009.0
006 a|||||r|||| 00| 0
007 ta
008 Pun
024 _a223,968
037 _cTextual
040 _aARTS
_cARTS
_bPun
041 _2Pun
_aPun
082 _aD6:48, 153L7
100 _aF੍ਰੀਵੁਤਸਵ, ਭਗਵਤੀ ਪ੍ਰਸਾਦ; ਪ੍ਰਮਿੰਦਰਜੀਤ, ੳਗ.
_9167719
245 0 _aਪੁਲਾੜ ਯਾਤਰਾਵਾਂ
260 _aਨਵੀ ਦਿੱਲੀ
_b ਨੌFਨਲ ਬੁਕ ਟਰਸੱਟ
_c1977
300 _a146ਪੰ
_ccm.
650 _aਕੰਪਿਊਟਰ
942 _hD6:48, 153L7
_cTEXL
_2CC
999 _c368599
_d368599